| 000 | 00820nam a2200229 a 4500 | ||
|---|---|---|---|
| 005 | 20240925063838.0 | ||
| 008 | 991125s1991 mad 000 0 spa u | ||
| 020 | _a8478690530 | ||
| 035 | _aUPN01000008505 | ||
| 049 | _aCG | ||
| 050 | 4 |
_aLB1733 _bP74 no. 22 |
|
| 100 | 1 |
_aYuste Hernanz, Carlos _929510 |
|
| 245 | 1 | 0 |
_aCobar : _bconceptos básicos relacionantes : manual técnico / _cCarlos Yuste Hernanz, Luis Ma. Sanz Monñigo. |
| 260 |
_aMadrid : _bCEPE, _c1991. |
||
| 300 |
_a95 p. + _e5 h. + 5 folletos |
||
| 440 | 0 |
_aTests y psicodiagnóstico ; _v22 |
|
| 500 | _aIncluye: cobar 3. -- cobar 4. -- cobar 5.-- cobar 6. --cobar 7. -- 5 h. datos colectivos | ||
| 650 | 4 |
_aMediciones y pruebas educativas _94299 |
|
| 650 | 4 |
_aPruebas mentales _915534 |
|
| 700 | 1 |
_aSanz Monñigo, Luis María, _ecoaut. |
|
| 905 | _aLibro | ||
| 999 |
_c8505 _d8505 |
||